Writing for television, radio, and new media / (Record no. 1317)

000 -LEADER
fixed length control field 01257cam a2200325 i 4500
001 - CONTROL NUMBER
control field 15980774
003 - CONTROL NUMBER IDENTIFIER
control field OSt
005 - DATE AND TIME OF LATEST TRANSACTION
control field 20140415181747.0
008 - FIXED-LENGTH DATA ELEMENTS--GENERAL INFORMATION
fixed length control field 091112s2011 maua 001 0 eng
010 ## - LIBRARY OF CONGRESS CONTROL NUMBER
LC control number 2009941341
020 ## - INTERNATIONAL STANDARD BOOK NUMBER
International Standard Book Number 9781439082713
040 ## - CATALOGING SOURCE
Original cataloging agency DLC
Language of cataloging eng
Transcribing agency DLC
Modifying agency DLC
Description conventions rda
042 ## - AUTHENTICATION CODE
Authentication code pcc
050 00 - LIBRARY OF CONGRESS CALL NUMBER
Classification number PN1990.9.H55 2011
100 1# - MAIN ENTRY--PERSONAL NAME
Personal name Hilliard, Robert L.,
Dates associated with a name 1925-
245 10 - TITLE STATEMENT
Title Writing for television, radio, and new media /
Statement of responsibility, etc Robert L. Hilliard.
250 ## - EDITION STATEMENT
Edition statement Tenth edition.
260 ## - PUBLICATION, DISTRIBUTION, ETC. (IMPRINT)
Place of publication, distribution, etc Boston, MA :
Name of publisher, distributor, etc Wadsworth,
Date of publication, distribution, etc [2011]
300 ## - PHYSICAL DESCRIPTION
Extent xix, 508 pages :
Other physical details illustrations ;
Dimensions 23 cm.
490 0# - SERIES STATEMENT
Series statement Wadsworth series in broadcast and production
500 ## - GENERAL NOTE
General note Includes index.
650 #0 - SUBJECT ADDED ENTRY--TOPICAL TERM
Topical term or geographic name as entry element Broadcasting
General subdivision Authorship.
650 #0 - SUBJECT ADDED ENTRY--TOPICAL TERM
Topical term or geographic name as entry element Mass media
General subdivision Authorship.
856 42 - ELECTRONIC LOCATION AND ACCESS
Materials specified Contributor biographical information
Uniform Resource Identifier <a href="http://www.loc.gov/catdir/enhancements/fy1105/2009941341-b.html">http://www.loc.gov/catdir/enhancements/fy1105/2009941341-b.html</a>
856 42 - ELECTRONIC LOCATION AND ACCESS
Materials specified Publisher description
Uniform Resource Identifier <a href="http://www.loc.gov/catdir/enhancements/fy1105/2009941341-d.html">http://www.loc.gov/catdir/enhancements/fy1105/2009941341-d.html</a>
856 41 - ELECTRONIC LOCATION AND ACCESS
Materials specified Table of contents only
Uniform Resource Identifier <a href="http://www.loc.gov/catdir/enhancements/fy1105/2009941341-t.html">http://www.loc.gov/catdir/enhancements/fy1105/2009941341-t.html</a>
906 ## - LOCAL DATA ELEMENT F, LDF (RLIN)
a 7
b cbc
c orignew
d 3
e epcn
f 20
g y-gencatlg
942 ## - ADDED ENTRY ELEMENTS (KOHA)
Source of classification or shelving scheme
Koha item type Book
Holdings
Withdrawn status Lost status Source of classification or shelving scheme Damaged status Not for loan Home library Current library Date acquired Total Checkouts Total Renewals Full call number Barcode Date last seen Date checked out Copy number Price effective from Koha item type
          Riara University Library Riara University Library 15/04/2014 9 1 PN 1990.9 .H55 2011 4726/14 07/06/2022 20/05/2022 C.5 15/04/2014 Book
          Riara University Library Riara University Library 15/04/2014 4 1 PN 1990.9 .H55 2011 4725/14 24/10/2017 10/10/2017 C.4 15/04/2014 Book
          Riara University Library Riara University Library 15/04/2014 7   PN 1990.9 .H55 2011 4724/14 19/10/2023 09/10/2023 C.3 15/04/2014 Book
          Riara University Library Riara University Library 15/04/2014 6 2 PN 1990.9 .H55 2011 4723/14 13/11/2017 24/10/2017 C.2 15/04/2014 Book
          Riara University Library Riara University Library 15/04/2014 4 2 PN 1990.9 .H55 2011 4722/14 27/11/2017 10/11/2017 C.1 15/04/2014 Book

Riara University Library,
P.O. Box 49940-00100,
Nairobi, Kenya.